19 femmes prix Nobel de science - Statistiques

Statistiques générales
  • Ce quiz a été pris 33 fois
  • Le résultat moyen est 2 sur 19
Statistiques - réponses
Année Domaine Prix Nobel % Correct
1903/1911 Physique/Chimie Marie Curie
100%
1935 Chimie Irène Joliot-Curie
85%
2023 Physique Anne L’Huillier
10%
1983 Médecine Barbara McClintock
5%
1964 Chimie Dorothy Crowfoot-Hodgkin
5%
2008 Médecine Françoise Barré-Sinoussi
5%
1947 Médecine Gerty Cori
5%
1963 Physique Maria Goeppert-Mayer
5%
1977 Médecine Rosalyn Yalow
5%
2015 Médecine Youyou Tu
5%
2009 Chimie Ada Yonath
0%
2009 Médecine Carol Greider
0%
1995 Médecine Christiane Nüsslein-Volhard
0%
2018 Physique Donna Strickland
0%
2009 Médecine Elizabeth Blackburn
0%
1988 Médecine Gertrude Elion
0%
2004 Médecine Linda Buck
0%
2014 Médecine May-Britt Moser
0%
1986 Médecine Rita Levi-Montalcini
0%
Aucun quiz correspondant
Distribution des résultats
% des personnes avec chaque résultat
Percentile par nombre de réponses
Votre historique - résultats
Vous n’avez pas pris ce quiz